000 00754nam a22002537a 4500
003 0
005 20180731160419.0
008 0
010 _aB-061481
020 _c00.00
_a0070445095
035 _aB-061481, B-061482
037 _bCen Lib/Ret
040 _aDPL
_bEN
_c0
082 _a005.43
_bKIM
100 _aKimmel, Paul
_937849
245 _aBuilding Delphi 6 applications /
_cby Paul Kimmel
260 _bTata McGraw-Hill Publishing Company
_aNew Delhi
_c2001
270 _bNew Delhi
_a7 West Patel Nagar
_e110008
300 _axxii,774p. :
_c24cm(pbk)
_bill.
500 _aIncludes index
650 _aDelphi (Computer file)
_941211
650 _aComputer software -- Development
_937160
942 _2ddc
_cEN
_h005.43
_mKIM
999 _c134947
_d134947